| 000 | 00523nam a2200193Ia 4500 | ||
|---|---|---|---|
| 999 |
_c9815 _d9815 |
||
| 003 | OSt | ||
| 005 | 20191230144342.0 | ||
| 008 | 190216s9999||||xx |||||||||||||| ||und|| | ||
| 020 | _a8121902606 | ||
| 040 | _coclc | ||
| 082 |
_a330.01 _bAHU/A |
||
| 100 |
_aAhuja, H L _9470 |
||
| 245 | 0 |
_aAdvanced Economic Theory / _cH L Ahuja |
|
| 250 | _a6th ed. | ||
| 260 |
_bS Chand & Company, _c1988. _aNew Delhi: |
||
| 300 | _a1177p | ||
| 650 | _aEconomics | ||
| 942 |
_cBK _2ddc _h330.01 _iAHU/A _k330.01 _mAHU/A |
||